| 000 | 01496 a2200313 4500 | ||
|---|---|---|---|
| 999 |
_c114141 _d114141 |
||
| 003 | BJBSDDR | ||
| 005 | 20230411090640.0 | ||
| 007 | ta | ||
| 008 | 200317s2014 enk||||| |||| 00| 0 eng d | ||
| 020 | _a9780415833288 | ||
| 020 | _a0415833280 | ||
| 040 |
_bspa _cBJBSDDR |
||
| 041 | _aeng | ||
| 050 | 1 | 4 |
_aKJE 947 _bT945k 2014 |
| 082 | 0 | 0 | _a340.94 |
| 100 | 1 | _aTurner, Chris | |
| 245 | 1 | 0 |
_aKey facts key cases : _bEU law / _cChris Turner |
| 246 | 3 | _aEU law | |
| 246 | 3 | _aEuropean Union law | |
| 260 |
_aAbingdon, Oxon ; _aNew York, NY : _bRoutledge, _c2014. |
||
| 300 |
_axxvi, 253 pages : _billustrations ; _c22 cm. |
||
| 440 | 0 | _aKey facts key cases | |
| 505 | _aThe constitution and character of EU law -- The institutions of the European Union -- The sources of European law -- Enforcement of EU law -- The relationship between EU law and national law -- Introduction to the law of the internal market -- Art 34 and art 35 and the free movement of goods -- Art 30 and customs tariffs, and art 110 and discriminatory taxation -- Art 45 and the free movement of workers -- Art 49 and freedom of establishment; art 56, and the right to provide services -- EU competition law -- Art 157 and anti-discrimination law -- The social dimension. | ||
| 650 | 4 |
_9156 _aDerecho _zPaíses de la Unión Europea |
|
| 650 | 4 |
_915660 _aDerecho internacional y municipal _zPaíses de la Unión Europea |
|
| 651 | 4 |
_912858 _aPaíses de la Unión Europea |
|
| 942 |
_2lcc _cBK |
||
| 946 | _idpf | ||